Govt. of
Madhya Pradesh

The poetical Works of George Sandys (Record no. 37749)

MARC details
000 -LEADER
fixed length control field 004330000a22001690004500
003 - CONTROL NUMBER IDENTIFIER
control field MACL
005 - DATE AND TIME OF LATEST TRANSACTION
control field 20160105160210.0
008 - FIXED-LENGTH DATA ELEMENTS--GENERAL INFORMATION
fixed length control field 160105b xxu||||| |||| 00| 0 eng d
040 ## - CATALOGING SOURCE
Original cataloging agency MACL
Transcribing agency MACL
041 ## - LANGUAGE CODE
Language code of text/sound track or separate title English
082 ## - DEWEY DECIMAL CLASSIFICATION NUMBER
Classification number 821/SAN
100 ## - MAIN ENTRY--PERSONAL NAME
Personal name Sandys, George
9 (RLIN) 28202
245 ## - TITLE STATEMENT
Title The poetical Works of George Sandys
260 ## - PUBLICATION, DISTRIBUTION, ETC. (IMPRINT)
Name of publisher, distributor, etc. John Russell Smith
Date of publication, distribution, etc. 1872
Place of publication, distribution, etc. London
650 ## - SUBJECT ADDED ENTRY--TOPICAL TERM
Topical term or geographic name as entry element Poetries
9 (RLIN) 28203
942 ## - ADDED ENTRY ELEMENTS (KOHA)
Koha item type Books
Call number prefix 821/SAN
Source of classification or shelving scheme

No items available.